| 000 | 005020000a22001810004500 | ||
|---|---|---|---|
| 003 | MACL | ||
| 005 | 20151023134645.0 | ||
| 008 | 151023b xxu||||| |||| 00| 0 eng d | ||
| 040 |
_aMACL _cMACL |
||
| 041 | _aEnglish | ||
| 082 | _a934/PAN | ||
| 100 |
_aPande, G.C. _9815 |
||
| 245 |
_aFoundation of Indian Culture Volume II _bDimensions of Ancient Indian Social History |
||
| 260 |
_bMotilal Banarasidas Publishers _c1990 _aDelhi |
||
| 350 | _a325 | ||
| 650 |
_aHistory _916380 |
||
| 942 |
_cBK _k934 _2ddc |
||
| 999 |
_c20443 _d20443 |
||